Ortografía: ejercicios (Registro nro. 2079)

Detalles MARC
000 -CABECERA
campo de control de longitud fija 00519aam a2200193 4500
005 - FECHA Y HORA DE ACTUALIZACIÓN
campo de control 20161107100715.0
008 - LONGITUD FIJA
campo de control de longitud fija 150722b xxu||||| |||| 00| 0 spa d
041 ## - IDIOMA
Código de idioma del texto/pista de sonido o título separado
082 ## - CLASIFICACIÓN DECIMAL DEWEY
Número de clasificación 411 R825o
100 ## - AUTOR PERSONAL
Nombre de persona Rosas Sánchez, Rosa María
245 ## - TÍTULO PROPIAMENTE DICHO
Título Ortografía: ejercicios
260 ## - PIE DE IMPRENTA
Lugar de publicación, distribución, etc. México
Nombre del editor, distribuidor, etc. Pearson Educación
Fecha de publicación, distribución, etc. 1995
300 ## - DESCRIPCIÓN FÍSICA
Extensión 221 páginas
650 ## - Materia General
Materia general ORTOGRAFÍA
650 ## - Materia General
Materia general ACENTUACIÓN
650 ## - Materia General
Materia general PUNTUACIÓN
650 ## - Materia General
Materia general USO DE LETRAS
942 ## - Punto de Acceso Adicional Koha
Tipo de ítem Koha Libro
Existencias
Estado perdido Estado dañado No para préstamo Biblioteca permanente Biblioteca actual Signatura completa Código de barras Precio efectivo a partir del Tipo de ítem
      Departamento de Biblioteca y Documentación Alfonso Chase Brenes Departamento de Biblioteca y Documentación Alfonso Chase Brenes 411 R825o 11689 05/09/2016 Libro